000
00298nam a2200133Ia 4500
005
20260328101446.0
008
260328s9999||||xx |||||||||||||| ||und||
100
_a
Klee, Paul
245
0
_a
Zauber Theater /
_c
Paul Klee
260
_b
Piper Galerie
300
_a
63 p.
650
_a
ARTE
942
_c
BK
999
_c
8469
_d
8469